| 000 | 00955cam a2200229 4500 | ||
|---|---|---|---|
| 001 | ABS66139 | ||
| 008 | 021121n2002 000 0 eng u | ||
| 035 | _a(Sirsi) u120543 | ||
| 100 | _aOsborne, H. | ||
| 245 | _aTap the mall's nervous system | ||
| 260 | _c2002 | ||
| 490 |
_aEstates Gazette _v(0246) 16 November 2002, 186(1) |
||
| 520 | _aExamines a new system Comgenic which is being used in Meadowhall shopping centre which improves communication between retailers, consumers and shopping centre managers. It works as an intranet and provides updated information for customers using external sources. The most popular uses for the system at the moment have been for marketing purposes and security information. | ||
| 590 | _aABS | ||
| 650 | _aCOMGENIC | ||
| 650 | _aMEADOWHALL SHOPPING CENTRE | ||
| 650 | _aRETAILERS | ||
| 650 | _aCONSUMERS | ||
| 650 | _aSECURITY | ||
| 690 | _aPROPERTY-COMMERCIAL PROPERTY-RETAIL PROPERTY | ||
| 942 | _n0 | ||
| 999 |
_c71616 _d71616 |
||